000 01353nam a22002897a 4500
005 20220422091705.0
008 220422b ||||| |||| 00| 0 eng d
020 _a195617290
040 _cAloy
041 _aeng
082 _223
_a338.1
_bRAJE
100 _aK N Raj...[et.al] Ed
_930871
245 _aEssays on the commercialization of Indian agriculture
260 _aMadras
_bOxford University Pres
_c1985
300 _axx,354 p.
_bHB
_c22x14 cm.
365 _2Economics
520 _aOf the dozen essays that comprise this volume, three are by prominent Indian economists: K.N. Raj's piece introduces the subject; Krishna Bharadwaj's theoretcial essay summarizes what has been learnt on the process of commercialization; and Amit Bhaduri offers a challenging interpretation of the differences between agricultural commercialization in the eastern and western parts of Uttar Pradesh. Other important contributors include Pradipta Chaudhuri, Sumit Guha, and Chiranjib Sen.
650 _aLand Market and Tenancy
_930863
650 _aAgriculture Labour and Production
_930864
650 _aMarketing Structures
_930865
650 _aTobaco Trading
_930866
700 _aRAJ (K N) Ed
_930867
700 _aBHATTACHARYA (Nelladri) Ed
_930868
700 _aGUHA (Sumit) Ed
_930869
700 _aPADHI (Sakti) Ed
_930870
942 _2ddc
_cGF
999 _c222548
_d222548